Dil ve edebiyat egitimi Dergisi

Detalles Bibliográficos
Formato: Electrónico Revista
Lenguaje:turco
inglés
Publicado: Kayseri, Turkey : Journal of Language and Literature Education
Materias:
Acceso en línea:Full text available from Research Library: 04/01/2012 to 10/31/2015

MARC

LEADER 00000nas a2200000 i 4500
001 ssj0001071839
003 WaSeSS
005 20200512172242.0
006 m d
007 cr n
008 131213c20uu9999tu q| p|s|||||| |0tur d
022 |a 2146-6971  |l 2146-6971 
035 |a (WaSeSS)ssj0001071839 
040 |a WaSeSS  |b eng  |c WaSeSS  |d WaSeSS 
041 |a tur  |a eng 
050 1 4 |a PN56.L27 
245 0 0 |a Dil ve edebiyat egitimi Dergisi  |h [electronic resource]. 
260 |a Kayseri, Turkey :  |b Journal of Language and Literature Education 
310 |a Quarterly 
506 |a License restrictions may limit access. 
546 |a In Turkish and English. 
588 |a Description based on: Volume 1 (1) (Spring 2012); title from title screen (ProQuest, viewed Dec. 13, 2013). 
588 |a Latest issue consulted: Volume 2 (7) (Summer 2013) (viewed Dec. 13, 2013). 
650 0 |a Language and languages in literature  |v Periodicals. 
650 0 |a Education in literature  |v Periodicals. 
655 0 |a Electronic journals. 
856 4 0 |z Full text available from Research Library: 04/01/2012 to 10/31/2015  |u https://search.proquest.com/publication/1966352